| 000 | 01102nam a2200253Ia 4500 | ||
|---|---|---|---|
| 003 | Ost | ||
| 005 | 20260507074917.0 | ||
| 008 | 260507s9999||||xx |||||||||||||| ||und|| | ||
| 020 | _a9789957466006 | ||
| 040 | _cfsecg | ||
| 041 | _aara | ||
| 082 | _a658.403 | ||
| 100 |
_aحريز، سامي محمد هشام _eمؤلف |
||
| 245 | 0 |
_aإدارة الكوارث والمخاطر : _bالاسس النظرية والتطبيقية / _c سامي محمد هشام حريز |
|
| 260 |
_aعمان: _bدار الراية, _c2007 |
||
| 300 |
_a243 صفحة؛ _bإيضاحات ؛ _c25 سم |
||
| 504 | _aببليوغرافيا: ص.241 | ||
| 520 | _aالكوارث الطبيعية، الاحتباس الحراري والكوارث الناجمة عنه، الكوارث البشرية والادارية، الكوارث التكنولوجية، ادارة الكوارث والمخاطر تطبيقيا | ||
| 653 | _aالادارة | ||
| 653 | _aالكوارث الطبيعية | ||
| 653 | _aالمشروعات | ||
| 700 |
_aعبوي، زيد منير _eمؤلف ثانوي |
||
| 942 | _cكتاب | ||
| 999 |
_c41774 _d41774 |
||